000
00347nam a2200133Ia 4500
008
151001s9999||||xx |||||||||||||| ||und||
100
_a
प्रभाकर पाध्ये
245
_a
व्यक्तिवेध
250
_a
1
260
_b
केशरी प्रकाशन
260
_c
1973
300
_a
200
365
_b
18
999
_c
955688
_d
955685